{"text_format":"3","workbook":"xls","n_sheets":1,"sheets":["Sheet1"],"read":"whole","date_system":"1900","formulas":"cached_only"}

{"sheet":"Sheet1","index":0,"n_rows":56,"n_cols":8,"rows_kept":56,"merged":[[0,0,0,7],[54,1,54,5],[55,0,55,9]],"flags":["formulas_cached_only"]}
["汽车机电系 2025-2026-1 实验实训耗材采购清单"]
["序号","耗材品名","型号规格","单位","数量","参考单价","单项控制价","耗材用途"]
[1,"0.6焊丝","奔腾 0.6","卷",2,200,400,"钣金"]
[2,"手工成形板","36*25","块",90,20,1800,"钣金"]
[3,"小锯条","强斯威","袋",10,120,1200,"钣金"]
[4,"Co2混合气","20%CO2+80%Ar的混合气体","罐",5,200,1000,"钣金"]
[5,"（三件套）","江苏省省赛钣金套件","套",60,260,15600,"钣金"]
[6,"头戴式口罩","3m","袋",2,100,200,"钣金"]
[7,"划规","12寸（600mm）","个",2,30,60,"钣金"]
[8,"划针",null,"个",5,10,50,"钣金"]
[9,"汽油","95号","L",100,9,900,"汽车技术"]
[10,"柴油","0号","L",100,9,900,"农机维修"]
[11,"化油器清洗剂",null,"瓶",24,10,240,"农机维修"]
[12,"棉手套",null,"副",100,2,200,"汽车技术"]
[13,"焊接手套",null,"副",1,50,50,"钣金"]
[14,"钣金门板","奔腾","个",50,220,11000,"钣金"]
[15,"除油布","30*35","卷",5,150,750,"涂装"]
[16,"圆形砂纸","PPG 80目","盒",2,180,360,"涂装"]
[17,"圆形砂纸","PPG 180目","盒",2,180,360,"涂装"]
[18,"圆形砂纸","PPG 320目","盒",2,180,360,"涂装"]
[19,"圆形砂纸","PPG 400目","盒",2,180,360,"涂装"]
[20,"通透白"," PPG 8902","瓶",3,227,681,"涂装"]
[21,"原子灰","ppg","桶",2,180,360,"涂装"]
[22,"水性清漆+配套固化剂","WBC998+WBH210","桶",4,550,2200,"涂装"]
[23,"亮幼银 ","P998-8986/2L-C3","罐",1,880,880,"涂装"]
[24,"中闪银","P998-8988/2L-C3","罐",1,880,880,"涂装"]
[25,"鲜红 ","P992-8971/1L-C3","罐",1,480,480,"涂装"]
[26,"透明红","P991-8942/1L-C3","罐",1,480,480,"涂装"]
[27,"铁锈红 ","P990-8908/0.5L-C3","罐",1,280,280,"涂装"]
[28,"暗黑","P990-8948/2L-C3","罐",1,780,780,"涂装"]
[29,"明黄","P993-8972/0.5L-C3","罐",1,330,330,"涂装"]
[30,"控色剂 ","P998-8991/1L-C3","罐",1,520,520,"涂装"]
[31,"涂装防尘服","3m","套",20,60,1200,"m号3套L号6套XL7套4套2xl"]
[32,"门板","ppg","块",90,300,27000,"涂装"]
[33,"免洗喷壶","ppg","盒",10,40,400,"涂装"]
[34,"水性自流平+固化剂+稀释剂","PS2102+WB2075","桶",4,3800,15200,"涂装"]
[35,"防毒口罩","3m 6200+6001七件套","个",10,200,2000,"涂装"]
[36,"胎压表（可充气）",null,"个",6,100,600,"机电维修"]
[37,"ZD550套装套机，PIX APM飞控无人机大四轴多旋翼","含AT9S遥控/自行安装，高配/ZD550pro3kg/PIX飞控","套",4,3500,14000,"无人机技术基础课程"]
[38,"碳纤维螺旋桨（耗材）","全碳纤维1455规格螺旋桨正桨+反浆","对",20,50,1000,"无人机技术基础课程"]
[39,"无人机安装（工具）","绿林螺丝刀（46合一）","套",4,70,280,"无人机技术基础课程"]
[40,"无人机焊接（工具）","绿林936s旋钮工业款","套",4,150,600,"无人机技术基础课程"]
[41,"无人机无刷电调（易损件）","好盈乐天XRotor 40A规格","个",4,80,320,"无人机技术基础课程"]
[42,"无人机无刷电机（易损件）","东兴威4310无刷电机400kv规格","个",4,210,840,"无人机技术基础课程"]
[43,"无人机航空锂电池（耗材）","DUPU达普8000mAH 6S xt60规格","块",8,520,4160,"无人机技术基础课程"]
[44,"无人机锂电池充电器","HOTA D6Pro智能平衡充，国标内置电源规格","个",2,580,1160,"无人机技术基础课程"]
[45,"分电板（易损件）","zd550pro配套PCB下板","个",8,90,720,"无人机技术基础课程"]
[46,"N95颗粒滤棉","3m 5n11cn","盒",2,100,200,"汽车技术"]
[47,"纸胶带",null,"卷",10,10,100,"汽车技术"]
[48,"刷子",null,null,20,5,100,"汽车技术"]
[49,"汽车转向器总成","中型轻型货车使用(齿轮齿轮式、循环球式)","个",2,400,800,"汽车技术"]
[50,"汽车主减速器总成","中型轻型货车使用，单级主减速器（含差速器）","个",2,400,800,"汽车技术"]
[51,"手动变速器总成","中型轻型货车使用","个",2,500,1000,"汽车技术"]
[52,"更换烤漆房滤面总成",null,"个",1,1000,1000,"汽车技术"]
[" ","总控制价：",{"$nulls":4},117141]
["注：1.此表单价为参考价格，报价不得超过控制价；2.可将此表修改为报价单，但其中序号、耗材品名、型号规格、单位、数量不得修改。"]